000 01336nam a2200361 a 4500
001 ebr5001582
003 CaPaEBR
006 m u
007 cr cn|||||||||
008 951016s1996 nyu sb 001 0 eng
010 _z 95046217
020 _z041514308X (hardbound : alk. paper)
020 _z0415143098 (pbk. : alk. paper)
040 _aCaPaEBR
_cCaPaEBR
035 _a(OCoLC)133168088
050 1 4 _aCB428
_b.H365 1996eb
082 0 4 _a306.4/0904
_220
100 1 _aHannerz, Ulf.
245 1 0 _aTransnational connections
_h[electronic resource] :
_bculture, people, places /
_cUlf Hannerz.
260 _aLondon and New York :
_bRoutledge,
_c1996.
300 _aix, 201 p.
490 1 _aComedia
504 _aIncludes bibliographical references (p. 184-194) and index.
533 _aElectronic reproduction.
_bPalo Alto, Calif. :
_cebrary,
_d2013.
_nAvailable via World Wide Web.
_nAccess may be limited to ebrary affiliated libraries.
650 0 _aCivilization, Modern
_y1950-
650 0 _aCulture.
650 0 _aIntercultural communication.
650 0 _aCultural relations.
655 7 _aElectronic books.
_2local
710 2 _aebrary, Inc.
830 0 _aComedia.
856 4 0 _uhttp://site.ebrary.com/lib/rucke/Doc?id=5001582
_zAn electronic book accessible through the World Wide Web; click to view
999 _c1236
_d1236